<?xml version="1.0" encoding="UTF-8"?>
<collection xmlns="http://www.loc.gov/MARC21/slim">
 <record>
  <leader>00549pamaa2200157   4500</leader>
  <controlfield tag="001">0000041005</controlfield>
  <controlfield tag="005">20060928090000.0</controlfield>
  <datafield tag="020" ind1="0" ind2="0">
   <subfield code="a">9839384112 </subfield>
  </datafield>
  <datafield tag="090" ind1="0" ind2="0">
   <subfield code="a">BP130.4 </subfield>
   <subfield code="b">ABD 1998</subfield>
  </datafield>
  <datafield tag="100" ind1="0" ind2="1">
   <subfield code="a">ABDULLAH YUSUF ALI </subfield>
  </datafield>
  <datafield tag="245" ind1="0" ind2="4">
   <subfield code="a">The Holy Quran : </subfield>
   <subfield code="b">original arabic text with english traslation and selected commentaries  </subfield>
   <subfield code="c">Abdullah Yusuf Ali.</subfield>
  </datafield>
  <datafield tag="260" ind1="0" ind2="0">
   <subfield code="a">Kuala Lumpur: </subfield>
   <subfield code="b">Saba Islamic Media, </subfield>
   <subfield code="c">1998.</subfield>
  </datafield>
  <datafield tag="300" ind1=" " ind2=" ">
   <subfield code="a">xxxv, 823p; </subfield>
   <subfield code="c">18 cm.</subfield>
  </datafield>
  <datafield tag="650" ind1="0" ind2="0">
   <subfield code="a">Quran -- </subfield>
   <subfield code="x">Criticism, interpretation, etc. </subfield>
  </datafield>
  <datafield tag="650" ind1="0" ind2="0">
   <subfield code="a">Quran -- </subfield>
   <subfield code="x">Criticism, textual </subfield>
  </datafield>
  <datafield tag="901" ind1=" " ind2=" ">
   <subfield code="u">http://www.saba.com.my</subfield>
  </datafield>
 </record>
</collection>
